| 000 | 00433nam a2200145Ia 4500 | ||
|---|---|---|---|
| 008 | 230312s9999||||xx |||||||||||||| ||und|| | ||
| 082 |
_a310 _bCHA |
||
| 100 | _aSher Muhammad Ch | ||
| 245 | 0 | _aIntroduction to statistical theory | |
| 260 |
_bMarkazi Kitab Khana _aLahore _c1998 |
||
| 300 | _a584 | ||
| 546 | _aEng. | ||
| 650 |
_aEconomics _vPresentation of data, Measures of dispersion, moments and skewness, discrete pro |
||
| 942 | _cBK | ||
| 999 |
_c2445 _d2445 |
||